000
00318pam a2200145 a 4500
020
_c
041
_a
eng
082
_b
MAH
100
_a
MAHAJAN M.,.
245
_a
BUSINESS ECONOMICS ( F.Y.B.COM MACRO)
_h
Textual Documents
250
_a
1990.
260
_a
Pune
_b
Nirali Prakashan
300
_a
334p.
930
_a
2676
999
_c
79599
_d
79599